Blowing the recovery (Record no. 80876)

MARC details
000 -LEADER
fixed length control field 01150cab a22002055a 4500
001 - CONTROL NUMBER
control field L145562
008 - FIXED-LENGTH DATA ELEMENTS--GENERAL INFORMATION
fixed length control field 081021e20080822xxk f v 000 0 eng d
035 ## - SYSTEM CONTROL NUMBER
System control number (Sirsi) u145562
041 0# - LANGUAGE CODE
Language code of text/sound track or separate title eng
100 1# - MAIN ENTRY--PERSONAL NAME
Personal name Gordon, Warren
245 00 - TITLE STATEMENT
Title Blowing the recovery
260 ## - PUBLICATION, DISTRIBUTION, ETC.
Date of publication, distribution, etc. 2008
490 #0 - SERIES STATEMENT
Series statement Property Week
Volume/sequential designation 73(34) 22 August 2008, 53(1)
520 ## - SUMMARY, ETC.
Summary, etc. Discusses the case of Leonora Investment Company Ltd v Mott McDonald [2008] EWCA Civ 857, 23 July 2008, (see L145457). The case turned on whether a commercial landlord could claim the cost of improvement works as a service charge where there had been a failure to comply with the procedure set out in the service charge clause in the lease. The appeal was dismissed. The case is a timely reminder to landlords that they must follow all procedural requirements strictly in recovering service charges in the lease, otherwise recovery may not be possible.
590 ## - LOCAL NOTE (RLIN)
Local note KA
650 24 - SUBJECT ADDED ENTRY--TOPICAL TERM
Topical term or geographic name entry element LEONORA V MOTT MACDONALD
651 #4 - SUBJECT ADDED ENTRY--GEOGRAPHIC NAME
Geographic name England and Wales
Chronological subdivision 1543-
690 ## - LOCAL SUBJECT ADDED ENTRY--TOPICAL TERM (OCLC, RLIN)
Topical term or geographic name as entry element PROPERTY-COMMERCIAL PROPERTY-LEASEHOLD COMMERCIAL PROPERTY-COMMERCIAL LANDLORD AND TENANT-COMMERCIAL SERVICE CHARGES
942 ## - ADDED ENTRY ELEMENTS (KOHA)
Suppress in OPAC 0
Holdings
Withdrawn status Lost status Source of classification or shelving scheme Damaged status Not for loan Home library Current library Shelving location Date acquired Total Checkouts Full call number Barcode Date last seen Copy number Price effective from Koha item type
    Dewey Decimal Classification     London London Journal article 21/10/2008   L145562 145562-1001 06/08/2019 1 06/08/2019 Journal article